Let us C Solutions (Record no. 6095)

MARC details
000 -LEADER
fixed length control field 00289nam a2200121Ia 4500
008 - FIXED-LENGTH DATA ELEMENTS--GENERAL INFORMATION
fixed length control field 191201s2013 xx 000 0 und d
100 ## - MAIN ENTRY--PERSONAL NAME
Personal name KANETKAR, Yashavant
245 #0 - TITLE STATEMENT
Title Let us C Solutions
260 ## - PUBLICATION, DISTRIBUTION, ETC. (IMPRINT)
Place of publication, distribution, etc N. Delhi
Name of publisher, distributor, etc BPB Publication
Date of publication, distribution, etc 2013
300 ## - PHYSICAL DESCRIPTION
Extent 458
650 ## - SUBJECT ADDED ENTRY--TOPICAL TERM
Topical term or geographic name as entry element MCA
942 ## - ADDED ENTRY ELEMENTS (KOHA)
Source of classification or shelving scheme Dewey Decimal Classification
Koha item type Text Books
Holdings
Withdrawn status Lost status Source of classification or shelving scheme Damaged status Not for loan Collection code Home library Current library Date acquired Source of acquisition Cost, normal purchase price Bill Number Total Checkouts Full call number Acc. no. / Barcode Date last seen Date last borrowed Actual Cost, discounted price Bill Date Koha item type
    Dewey Decimal Classification     MCA PIET C-LIBRARY PIET C-LIBRARY 19/01/2015 KIRTI PRAKASHAN, NEW DELHI 270.00 IN2082 12 005.133 KAL 25088 27/01/2026 21/07/2025 178.20 12/01/2015 Text Books

Design & Developed by: PIET Central Library
R70 Miles Stone Pattikalyana Samalkha Panipat 132102
mail ID :- [email protected], Phone No:- 0180-2569700 Ex.216